Day #53: Countries 5300 km away from Equatorial Guinea - Statistics

General Stats
  • This quiz has been taken 13 times
  • The average score is 13 of 14
Answer Stats
Answer % Correct
France
100%
Germany
100%
Iran
100%
Poland
100%
Saudi Arabia
100%
Turkey
100%
Ukraine
100%
United Kingdom
100%
Belgium
92%
Oman
92%
Netherlands
83%
Brazil
75%
United Arab Emirates
75%
Seychelles
33%
No matching quizzes found
Score Distribution
Percent of People with Each Score
Percentile by Number Answered
Your Score History
You have not taken this quiz